Lower Limb - 5 - Statistics

General Stats
  • This quiz has been taken 9 times
  • The average score is 12 of 15
Answer Stats
Hint Answer % Correct
How many muscles are there in the lateral compartment of the leg? 2
100%
How many short lateral rotators of the hip are there? 5
100%
What muscle in the leg is the equivalent of Extensor digitorum communis in the forearm? Extensor Digitorum Longus
100%
Which of the three is a medial rotator, and cannot laterally rotate? Gluteus minimus
100%
Which nerve supplies gluteus maximus? Inferior gluteal
100%
What is the name for a movement of the foot which causes the soles of the feet to face inwards? Inversion
100%
The gluteal muscles are made up of gluteus maximus, minimus and which other? Medius
100%
Which of the three during walking tilts the opposite side of the pelvis upwards by approximating the iliac crest to the greater trochanter, preventing hip drop? Medius
100%
The anterior compartment of the leg has four muscles. Tibialis anterior, EDL, fibularis tertius and which other? Extensor Hallucis Longus
83%
Which muscle in the anterior compartment of the leg is involved in eversion, and attaches to the base of the fifth metatarsal bone. Fibularis tertius
83%
The muscles in the compartment are supplied by the superficial branch of which nerve? Common fibular
67%
There are two key muscles involved in this action, one being tibialis posterior, what is the other? Tibialis anterior
67%
Both gluteus medius and minimus have a common point of insertion on the femur, what is its name? Greater trochanter
50%
Gluteus maximus has two insertions one into the gluteal tuberosity of the femur, and the other goes into where? iliotibial tract
50%
Which muscle despite starting on the lateral site inserts into the medial cuneiform and base of the first metatarsal? Fibularis Longus
33%
No matching quizzes found
Score Distribution
Percent of People with Each Score
Percentile by Number Answered
Your Score History
You have not taken this quiz